000 00975nam a22002657a 4500
003 BUBTL
008 231129b ||||| |||| 00| 0 eng d
020 _a9789352861897
041 _aeng
082 _a658.4012/ W5609s/ 2018
100 _95613
_aWheelen, Thomas L.
245 _aStrategic Management and Business Policy :
_bGlobalization, Innovation, and Sustainability /
_cThomas L. Wheelen...[et.al.].
250 _a15th ed.
260 _aIndia:
_bPearson,
_cc2018
300 _axxx, 388 p. :
_c25 cm.
505 _aStrategic Management and Business Policy, Basic Concepts of Strategic Management, Globalization, Innovation, and Sustainability : Challenges to Strategic Management
650 0 _939
_aManagement
700 _95614
_aHoffman, Alan N.
700 _95615
_aHunger, J. David
700 _95616
_aBamford, Charles E.
700 _95617
_aKansal, Purva
856 _k0
_l0
_yDownload
942 _2ddc
_cBK
999 _c7170
_d7170